000 00619nam a22001937a 4500
999 _c170728
_d170728
005 20191224111526.0
010 _aA-835193
020 _c200.00
035 _aA-835193
037 _bBPPD/Pub.
082 _a840
100 _aشہاب الدین ثاقیب
245 _aانجمن ترقی اردو [ہند] کی علمی اور ادبی خدمات /
_cشہاب الدین ثاقیب
246 _aAnjuman Tarqi Urdu (Hind) Ki Almi Aur Adbi Khidmat /
_bby Shahabuddin Saqib
260 _a-
_b-
_c1990 ء
270 _a-
_b-
_e-
300 _a472 ص
_c21cm(Hb)
942 _2ddc
_cUR
_h840
_mش ہ ا